| 000 | 00873nas a2200265 4500 | ||
|---|---|---|---|
| 001 | BR8602047 | ||
| 003 | BR-BrBNA | ||
| 005 | 20231205090434.0 | ||
| 007 | ta | ||
| 008 | 230509b bl.|||p| |||| 00| 00por d | ||
| 040 |
_aBR-BrBNA _bpor _cBiblioteca Nacional de Agricultura |
||
| 041 | _a(Pt) | ||
| 072 | _aP40 | ||
| 100 | 1 | _aMilde, L.C.E. | |
| 100 | 1 | _aNitzsche, M.H. | |
| 245 | 1 | _aEstudo de precipitacao diaria, 1: Regimes pluviometricos da regiao cacaueira da Bahia | |
| 246 | 1 | _aStudy of daily precipitation. I. Rain fall pattern of the cacao region of Bahia, Brazil | |
| 650 | _aCACAU | ||
| 650 | _aPRECIPITACAO PLUVIAL | ||
| 650 | _aBAHIA | ||
| 773 | 0 |
_tRevista Theobroma (Brazil) _xISSN 0370-7962 _g(Apr-Jun 1985), v. 15(2) p. 79-95 _wBR8602047 |
|
| 856 | 4 | 0 | _dLink DSPACE/MAPA BR8602047 |
| 909 |
_a202311 _bLúcia _c55 _dLúcia Elande |
||
| 942 |
_2AGRIS _n0 _cANA |
||
| 999 |
_c118419 _d118419 |
||